Estudio a nivel de perfil del proyecto reemplazo de vivienda de interés social del Bo. Buena vista zona 4 del municipio de San Juan de Oriente, departamento de Masaya

Presenta un estudio a nivel de perfil del proyecto reemplazo de vivienda de interés social del Bo. Buena vista zona 4 del municipio de San Juan de Oriente, departamento de Masaya. Las condiciones físicas de las viviendas presentan agrietamiento en los muros cubiertos de techos, vigas y columnas, l...

Full description

Bibliographic Details
Main Authors: Calixto Rodríguez, Ernesto Daniel, Rodríguez Castro, Ramón Alexander
Other Authors: Tutor: Fonseca Chávez, Miguel Antonio
Format: Tesis Section = Libro
Language:Undetermined
Spanish
Published: Managua UNI 2013
Subjects:
LEADER 01490nam a2200265Ia 4500
008 240830s9999 xx 000 0 und d
040 |a BIBLIOTECA-RUPAP T.Mon 363.55 C154 
041 |a spa 
082 |a T.Mon 363.55 C154 
100 1 |a Calixto Rodríguez, Ernesto Daniel 
100 1 |b Rodríguez Castro, Ramón Alexander 
245 1 0 |a Estudio a nivel de perfil del proyecto reemplazo de vivienda de interés social del Bo. Buena vista zona 4 del municipio de San Juan de Oriente, departamento de Masaya 
260 |a Managua  |b UNI  |c 2013 
300 |a 120 p. :il. 
500 |a Contiene: anexos. 
502 |a Tesis (Ingeniero Civil)- UNI, 2013. 
520 3 |a Presenta un estudio a nivel de perfil del proyecto reemplazo de vivienda de interés social del Bo. Buena vista zona 4 del municipio de San Juan de Oriente, departamento de Masaya. Las condiciones físicas de las viviendas presentan agrietamiento en los muros cubiertos de techos, vigas y columnas, lo que ha venido a generar inseguridad a las familias que habitan esas viviendas. Dentro del plan de urbanización del municipio de San Juan de Oriente del Departamento de Masaya, se contempla un proyecto para el reemplazo de viviendas de interés social. 
650 7 |a CONTRUCCION DE VIVIENDAS 
650 7 |b INDUSTRIA DE LA CONSTRUCCION 
650 7 |c EVALUACION DE PROYECTOS 
650 7 |d PROYECTOS DE DESARROLLO 
700 1 |a Tutor:  |b Fonseca Chávez, Miguel Antonio 
942 |c BK  |2 ddc 
991 |a TESIS 
999 |c 18103